Animals to Their Native Countries - Click Quiz - Statistics

General Stats
  • This quiz has been taken 285 times
  • The average score is 10 of 17
Answer Stats
Hint Answer % Correct
India Bengal tiger
80%
Antarctica Emperor penguin
78%
New Zealand Kiwi
77%
Australia Koala
77%
Madagascar Lemur
74%
China Giant panda
73%
Indonesia Komodo dragon
65%
Poland Zubr (European bison)
65%
Mexico Axolotl
57%
Norway Mountain reindeer
57%
Canada Barren-ground caribou
55%
Ecuador Galápagos giant tortoise
54%
Bolivia Common toucan
45%
Cameroon Western gorilla
45%
South Africa Zebra
43%
Sudan Common ostrich
40%
Chile Humboldt penguin
36%
No matching quizzes found
Score Distribution
Percent of People with Each Score
Percentile by Number Answered
Your Score History
You have not taken this quiz